| 000 | 00634cam a2200205 a 4500 | ||
|---|---|---|---|
| 001 | 3805639 | ||
| 005 | 20250206173927.0 | ||
| 008 | 850820s1986 nyua b 001 0 eng c | ||
| 020 | _a0881671517 | ||
| 050 | 0 | 0 |
_aRC346 _b.R67 1986 |
| 082 | 0 | 0 |
_a616.8/0442 _219 |
| 100 | 1 | _aRosenberg, Roger N. | |
| 245 | 1 | 0 |
_aNeurogenetics : _bprinciples and practice / _cRoger N. Rosenberg. |
| 260 |
_aNew York : _bRaven Press, _cc1986. |
||
| 300 |
_axi, 324 p. : _bill. ; _c25 cm. |
||
| 650 | 0 |
_aNervous system _xDiseases _xGenetic aspects. |
|
| 650 | 0 | _aNeurogenetics. | |
| 650 | 2 |
_aNervous System Diseases _xfamilial & genetic. |
|
| 942 |
_2lcc _cBK _n0 |
||
| 999 |
_c3508 _d3508 |
||